000 00999nam a22002177a 4500
999 _c60267
_d60267
003 Ge_BSU
005 20230623105805.0
008 230623s1994 ge ||||| |||| 00| 0 geo d
041 _ageo
080 _a81'374.26:2-5=342.1 კ-64
100 _aკობახიძე, ეკატერინე
_9666
245 _aეტრუსკული საკულტო ტერმინოლოგია :
_b(სემანტიკა, გენეზისი) /
_cეკატერინე კობახიძე; [რედ.: რ. გორდეზიანი].
264 _aთბილისი :
_bლოგოსი,
_c1994.
300 _a150გვ. ;
_b20სმ.
504 _aბიბლიოგრ. გვ. 139-148
653 _aრელიგიური კულტები
653 _aსემანტიკა
653 _aგენეზისი
700 _aგორდეზიანი, რ.
_eრედაქტორი
_918917
942 _2udc
_cBK